Регионална библиотека "Любен Каравелов" - Русе

Безотговорно! (Запис номер 503720)

MARC детайли
000 -Лидер
Лидер 01393aaa a2200277 a 4500
003 - Код на организацията, давaща контролен номер
Код на организацията, даваща контролен номер BLK
005 - Дата и час на последна редакция
Дата и час на последна редакция 20240215133001.0
007 - Фиксирано поле за физическо описани
Физическо описание ta
008 - Елементи от данни с фиксирана дължина
Елементи с фиксирана дължина 221104b bu |||||r|||| 00| | bu d
040 ## - Източник на каталожния запис
Код на библиотеката BLK
041 ## - Код за език
Език Български
Език за КДБФ Български
080 ## - УДК
УДК текст Комунистически партии. Вж и 327.323
УДК код 329.15
УДК – определител (497.2)(092)
УДК – код + определител 329.15(497.2)(092)
080 ## - УДК
УДК текст Михайлов, Георги Димитров. Български политик, ръководител на БКП и генерален секретар на Коминтерна, министър-председател
УДК код 929 Димитров, Георги
УДК – код + определител 929 Димитров, Георги
245 ## - Сведения за заглавието
Заглавие Безотговорно!
300 ## - Физическа характеристика
Брой страници № 12, 2-8 юни 1991
520 ## - Забележка за наличие на резюме, анотация и т.н
Анотация, рецензия По повод статията на г-жа С. Борисова за посещението на Г. Димитров в Русе през 1948 година.
600 #0 - Име на лице, използвано като предмет
9 (RLIN) 409399
За него / За нея Димитров, Георги
653 ## - Ключова дума – ненормативна
9 (RLIN) 188984
Ключови думи комунисти
653 ## - Ключова дума – ненормативна
9 (RLIN) 194078
Ключови думи политически лидери
773 0# - Описание на основна библиографска единица при аналитични записи (многотомни)
Заглавие на източника ДУНАВСКА ПРАВДА
Място на издаване, издател и година Дружествена Фирма Русе-С ООФ 1991
Международен стандартен номер на серията ISSN C602-9825
Контролен номер на записа 291953
Информация за връзката . //
856 ## - Електронен адрес и достъп
Инструкция (цена за достъп) 0.00
Права за достъп disable
942 ## - АРТИКУЛИ
Източник на класификационната схема Universal Decimal Classification
Вид на библиотечния документ Статия
Скрит в OPAC Не
944 ## - СЪЗДАВАНЕ И РЕДАКЦИЯ на ЗАПИСА
Дата на регистрацията/редакция Севдалина Тодорова
Служител, извършил регистрацията/редакцията 30540
Номер на служител Севдалина Тодорова
999 ## - СИСТЕМНИ КОНТРОЛНИ НОМЕРА
Koha biblionumber 503720
Koha biblioitemnumber 503720
999 ## - СИСТЕМНИ КОНТРОЛНИ НОМЕРА
Koha biblioitemnumber 503720
999 ## - СИСТЕМНИ КОНТРОЛНИ НОМЕРА
Koha biblioitemnumber 503720

Няма налични копия.

Vip Innovations Ltd, Rousse, Bulgaria 2025